La ragazza interrotta /

Guardat en:
Dades bibliogràfiques
Autor principal: Kaysen, Susanna
Format: Llibre
Idioma:anglès
Publicat: Varese : TEA, 2005
Etiquetes: Afegir etiqueta
Sense etiquetes, Sigues el primer a etiquetar aquest registre!

MARC

LEADER 00000nam a2200000 4500
003 NP
005 20260220114425.0
008 260220b |||||||| |||| 00| 0 eng d
020 |a 8878188271 
040 |c NP 
100 |a Kaysen, Susanna 
245 |a La ragazza interrotta /  |c Susanna Kaysen 
260 |a Varese :  |b TEA,  |c 2005 
500 |a Collana Esperienze 
942 |2 ddc  |c BK  |n 0 
952 |0 0  |1 0  |2 ddc  |4 0  |6 616_890000000000000_KAY_RAG  |7 0  |9 33090  |a RO  |b RO  |d 2026-02-20  |l 0  |o 616.89 KAY RAG  |p 11682  |r 2026-02-20 09:13:00  |w 2026-02-20  |y BK 
999 |c 28749  |d 28749